000 00845nam a2200205 a 4500
001 001138007
003 AM-YeHGA
005 20250617152137.0
008 160329s1979 ||| r 000 0 rus d
040 _aAM-YeHGA
041 0 _arus
245 0 0 _aЛесные пожары в Якутии и их влияние на природу леса /
_cАН СССР, Сиб. отд-ние, Якут. фил., Ин-т биологии; Отв. ред.: И.П. Щербаков.
260 _aНовосибирск :
_bНаука,
_c1979.
300 _a224 с. :
_b[1] л. ил.; ил.
504 _aБиблиогр.: с. 218-223
653 0 _aЛесные ресурсы - Якутия
700 1 _aЩербаков. И.П.
_eред.
_4edt
710 2 _aИнститут биологии Якут. фил. СО АН СССР
090 _c367007
999 _c365145
_d365145